000 00329nam a2200121 a 4500
005 20140414131919.0
008 100719s19uu xx 00 eng d
050 _aER
_bD12 1996
100 _aMcBratney, Sam
245 _aThe dark at the top of the stairs.
260 _aCambridge, MA:
_bCandlewick Press,
_c1996.
999 _c111640
_d111640